| 000 | 01614nam a2200397Ia 4500 | ||
|---|---|---|---|
| 001 | ebr10447175 | ||
| 003 | CaPaEBR | ||
| 006 | m u | ||
| 007 | cr cn||||||||| | ||
| 008 | 060630s2007 txua sb s001 0 eng d | ||
| 010 | _z 2006021634 | ||
| 020 | _z1585445746 (cloth : alk. paper) | ||
| 020 | _z9781585445745 (cloth : alk. paper) | ||
| 020 | _z1585445819 (alk. paper) | ||
| 020 | _z9781585445813 (alk. paper) | ||
| 040 |
_aCaPaEBR _cCaPaEBR |
||
| 035 | _a(OCoLC)708568317 | ||
| 050 | 1 | 4 |
_aJK1924 _b.P38 2007eb |
| 082 | 0 | 4 |
_a324.6/208996073 _222 |
| 100 | 1 |
_aPauley, Garth E., _d1971- |
|
| 245 | 1 | 0 |
_aLBJ's American promise _h[electronic resource] : _bthe 1965 voting rights address / _cGarth E. Pauley. |
| 246 | 3 | _aLyndon B. Johnson's American promise | |
| 250 | _a1st ed. | ||
| 260 |
_aCollege Station : _bTexas A&M University Press, _cc2007. |
||
| 300 |
_a180 p. : _bill. |
||
| 490 | 1 | _aLibrary of presidential rhetoric | |
| 504 | _aIncludes bibliographical references (p. 167-171) and index. | ||
| 533 |
_aElectronic reproduction. _bPalo Alto, Calif. : _cebrary, _d2013. _nAvailable via World Wide Web. _nAccess may be limited to ebrary affiliated libraries. |
||
| 600 | 1 | 0 |
_aJohnson, Lyndon B. _q(Lyndon Baines), _d1908-1973 _xOratory. |
| 650 | 0 |
_aAfrican Americans _xSuffrage. |
|
| 650 | 0 |
_aVoter registration _zUnited States. |
|
| 655 | 7 |
_aElectronic books. _2local |
|
| 710 | 2 | _aebrary, Inc. | |
| 830 | 0 | _aLibrary of presidential rhetoric. | |
| 856 | 4 | 0 |
_uhttp://site.ebrary.com/lib/rucke/Doc?id=10447175 _zAn electronic book accessible through the World Wide Web; click to view |
| 999 |
_c136742 _d136742 |
||